000 00498nam a2200181Ia 4500
008 240729s9999 xx 000 0 und d
022 _a2397-9070
245 0 _aJGH Open
260 _aAustralia
260 _bWiley
650 _a Diseases of the digestive system. Gastroenterology
650 _a Internal medicine
650 _a Specialties of internal medicine
650 _aMedicine
856 _uhttps://doaj.org/toc/f8fed369f3d64515aed51e1acce0fe79
942 _2ddc
942 _cDOAJEJ
999 _c72691
_d72691
945 _a1
_bMadushi Gamage
_c1
_dMadushi Gamage